| 000 | 00660nam a2200205 4500 | ||
|---|---|---|---|
| 003 | OSt | ||
| 005 | 20140310182102.0 | ||
| 008 | 130823t xxu||||| |||| 00| 0 eng d | ||
| 020 | _a9781590845769 | ||
| 050 |
_aRC 547 _b.Es835 2004 |
||
| 082 |
_aHS 616.8 _b.Es3 2004 |
||
| 100 |
_aEsherick, Joan. _912817 |
||
| 245 |
_aDrug therapy and sleep disorders / _cJoan Esherick |
||
| 260 |
_aPhiladelphia : _bMason Crest Publishers, _cc2004. |
||
| 300 |
_a126 p. : _bill, ; _c24 cm. |
||
| 650 |
_aSleep disorders. _xJuvenil literature. _912818 |
||
| 650 |
_aSleep disorders---- _xChemotherapy. _xJuvenile literature. _912819 |
||
| 942 |
_2lcc _cHS |
||
| 999 |
_c9210 _d9210 |
||